[Event "23rd Abu Dhabi Masters"]
[Site "Abu Dhabi UAE"]
[Date "2016.08.21"]
[Round "1.27"]
[White "Lalith, Babu M R"]
[Black "Pranavananda, V"]
[Result "1-0"]
[WhiteTitle "GM"]
[WhiteElo "2575"]
[BlackElo "2271"]
[WhiteFideId "5024595"]
[BlackFideId "5073588"]
[EventDate "2016.08.21"]

1. Nf3 b6 2. c4 Bb7 3. d4 Nf6 4. g3 g6 5. Bg2 Bg7 6. Nc3 Ne4 7. Na4 e6 8. O-O
Qc8 9. Qc2 O-O 10. Bf4 d6 11. Rac1 Nd7 12. d5 f5 13. dxe6 Ndc5 14. Nxc5 bxc5 15.
b4 cxb4 16. e7 Re8 17. c5 Nxc5 18. Qc4+ Qe6 19. Qxb4 a5 20. Qb5 Ba6 21. Qc6 Qxe7
22. Qd5+ Kh8 23. Ng5 Bb7 24. Qc4 h6 25. Nf7+ Kh7 26. Bxb7 Nxb7 27. Qxc7 g5 28.
Bxd6 Qxc7 29. Rxc7 Nd8 30. Nxd8 Raxd8 31. Be7 Rd2 32. Bf6 Rg8 33. Rb1 Kg6 34.
Bxg7 Rxg7 35. Rc6+ Kh7 36. e3 Rxa2 37. Rbb6 a4 38. Rxh6+ Kg8 39. Rb8+ Kf7 40.
Ra6 f4 41. exf4 gxf4 42. Rb4 fxg3 43. hxg3 Kg8 44. Rbxa4 Rb2 45. Ra8+ Kh7 46.
R8a7 1-0

[Event "23rd Abu Dhabi Masters"]
[Site "Abu Dhabi UAE"]
[Date "2016.08.21"]
[Round "1.29"]
[White "Antipov, Mikhail Al."]
[Black "Derakhshani, Borna"]
[Result "1-0"]
[WhiteTitle "GM"]
[BlackTitle "FM"]
[WhiteElo "2565"]
[BlackElo "2265"]
[WhiteFideId "4107012"]
[BlackFideId "12518450"]
[EventDate "2016.08.21"]

1. Nf3 Nf6 2. c4 e6 3. b3 b6 4. Bb2 Bb7 5. e3 d6 6. d4 Nbd7 7. Be2 g6 8. O-O Bg7
9. Nc3 O-O 10. Rc1 Qe7 11. b4 a5 12. a3 d5 13. cxd5 axb4 14. axb4 Qxb4 15. dxe6
Qxb2 16. exd7 Nxd7 17. Nd2 Qb4 18. Nc4 Rfd8 19. Rb1 Qe7 20. Bf3 Bxf3 21. Qxf3
Qe6 22. Nd5 Rac8 23. Rfc1 Nf6 24. Nxf6+ Bxf6 25. Qb7 Qd7 26. Nd2 Be5 27. Ne4 Rb8
28. Qc6 Qxc6 29. Rxc6 Bd6 30. Rb5 f5 31. Nxd6 cxd6 32. h4 Rd7 33. Kh2 Kf7 34.
Kg3 Ke6 35. Kf4 h6 36. g4 Rf7 37. g5 hxg5+ 38. Kxg5 Rh8 39. d5+ Ke5 40. Rc4 1-0

[Event "23rd Abu Dhabi Masters"]
[Site "Abu Dhabi UAE"]
[Date "2016.08.21"]
[Round "1.30"]
[White "Severina, Maria"]
[Black "Gopal, G.N."]
[Result "1/2-1/2"]
[WhiteTitle "WIM"]
[BlackTitle "GM"]
[WhiteElo "2262"]
[BlackElo "2565"]
[WhiteFideId "4116909"]
[BlackFideId "5015693"]
[EventDate "2016.08.21"]

1. d4 Nf6 2. c4 g6 3. Nc3 d5 4. Bf4 Bg7 5. e3 O-O 6. cxd5 Nxd5 7. Nxd5 Qxd5 8.
Bxc7 Na6 9. Bxa6 Qxg2 10. Qf3 Qxf3 11. Nxf3 bxa6 12. Rc1 f6 13. Rg1 Bd7 14. Rc5
Rfc8 15. a3 Re8 16. Kd2 Rac8 17. Rgc1 Bg4 18. Ne1 e5 19. d5 e4 20. Nc2 Bd7 21.
Nd4 f5 22. Ra5 Rf8 23. Ne6 Bxb2 24. Rc2 Bxe6 25. dxe6 Bf6 26. Rxa6 Rfe8 1/2-1/2

[Event "23rd Abu Dhabi Masters"]
[Site "Abu Dhabi UAE"]
[Date "2016.08.21"]
[Round "1.31"]
[White "Vaibhav, Suri"]
[Black "Aradhya, Garg"]
[Result "1-0"]
[WhiteTitle "GM"]
[WhiteElo "2556"]
[BlackElo "2262"]
[WhiteFideId "5045185"]
[BlackFideId "25006746"]
[EventDate "2016.08.21"]

1. d4 d5 2. c4 c6 3. Nc3 Nf6 4. e3 Bf5 5. Bd3 Bxd3 6. Qxd3 Nbd7 7. cxd5 cxd5 8.
Qb5 e6 9. Qxb7 Bd6 10. Qa6 Qb8 11. Nf3 O-O 12. O-O Ne4 13. Qd3 Nxc3 14. bxc3 Rc8
15. Bd2 Nf6 16. Rab1 Qc7 17. Rfc1 Qc4 18. Qxc4 Rxc4 19. Kf1 Ne4 20. Ke2 Rac8 21.
Rb3 a5 22. Be1 Bb4 23. Kd3 a4 24. Rbb1 f6 25. Nd2 Rxc3+ 26. Rxc3 Nxc3 27. Rc1 e5
28. f3 exd4 29. Nb1 Rc4 30. Nxc3 dxc3 31. Bxc3 Kf7 32. Rc2 Bd6 33. f4 Bc5 34. g4
Ke6 35. Rb2 Bxe3 36. Re2 Rxc3+ 37. Kxc3 d4+ 38. Kd3 Kd5 39. f5 Kc5 40. Rb2 Kc6
41. Rb4 1-0

[Event "23rd Abu Dhabi Masters"]
[Site "Abu Dhabi UAE"]
[Date "2016.08.21"]
[Round "1.32"]
[White "Srinath, Rao S.V."]
[Black "Predke, Alexandr"]
[Result "0-1"]
[WhiteTitle "FM"]
[BlackTitle "GM"]
[WhiteElo "2261"]
[BlackElo "2553"]
[WhiteFideId "5028876"]
[BlackFideId "24107581"]
[EventDate "2016.08.21"]

1. e4 e5 2. Nf3 Nc6 3. Bc4 Bc5 4. c3 Nf6 5. d3 O-O 6. Bg5 h6 7. Bh4 Be7 8. Bb3
d6 9. Bg3 Nh5 10. Nbd2 Bg4 11. Nf1 Bg5 12. h3 Nxg3 13. Nxg3 Bd7 14. Nxg5 Qxg5
15. Qh5 g6 16. Qf3 h5 17. h4 Qh6 18. Qf6 Qg7 19. Qg5 Kh7 20. O-O-O a5 21. Nf1 f5
22. exf5 Rxf5 23. Qe3 a4 24. Bd5 a3 25. g4 axb2+ 26. Kxb2 hxg4 27. h5 g5 28. h6
Qf6 29. Be4 d5 30. Bxf5+ Bxf5 31. Ng3 d4 32. Ne4 Qe7 33. Qxg5 dxc3+ 34. Ka1
Rxa2+ 35. Kxa2 Be6+ 0-1

[Event "23rd Abu Dhabi Masters"]
[Site "Abu Dhabi UAE"]
[Date "2016.08.21"]
[Round "1.33"]
[White "Sadzikowski, Daniel"]
[Black "Sidhant, Mohapatra"]
[Result "1-0"]
[WhiteTitle "IM"]
[WhiteElo "2551"]
[BlackElo "2259"]
[WhiteFideId "1132253"]
[BlackFideId "5028698"]
[EventDate "2016.08.21"]

1. e4 c5 2. Nf3 d6 3. d4 cxd4 4. Nxd4 Nf6 5. Nc3 a6 6. h3 e5 7. Nb3 Be7 8. Be3
Be6 9. f4 exf4 10. Bxf4 Nc6 11. Qe2 O-O 12. O-O-O Qc7 13. g4 Ne5 14. Kb1 b5 15.
g5 Nfd7 16. Nd5 Bxd5 17. exd5 Rfe8 18. Qg2 Bf8 19. h4 g6 20. h5 Bg7 21. hxg6
hxg6 22. Qh2 Nf8 23. Nd4 Qc5 24. Nc6 Nxc6 25. dxc6 Re4 26. Bc1 Rb4 27. a3 Rd4
28. Rxd4 Qxd4 29. Bh3 Ra7 30. Qg1 Rc7 31. Qxd4 Bxd4 32. Rd1 Be5 33. Bg2 Ne6 34.
Bd2 Nd4 35. Ba5 Rc8 36. Rxd4 Bxd4 37. c7 Be3 38. Bb7 1-0

[Event "23rd Abu Dhabi Masters"]
[Site "Abu Dhabi UAE"]
[Date "2016.08.21"]
[Round "1.35"]
[White "Ziska, Helgi Dam"]
[Black "Calzetta Ruiz, Monica"]
[Result "1-0"]
[WhiteTitle "IM"]
[BlackTitle "WGM"]
[WhiteElo "2546"]
[BlackElo "2257"]
[WhiteFideId "7200595"]
[BlackFideId "2204185"]
[EventDate "2016.08.21"]

1. e4 c5 2. Nf3 g6 3. c3 d5 4. e5 Nc6 5. d4 Bg4 6. Bb5 Qb6 7. Bxc6+ Qxc6 8. O-O
e6 9. Nbd2 h5 10. dxc5 Bxc5 11. h3 Nh6 12. hxg4 hxg4 13. Nd4 Nf5 14. N2b3 Bb6
15. Qxg4 Qc4 16. Bg5 Rh5 17. Nd2 Qa6 18. Nxf5 exf5 19. Qf4 Bc7 20. Rfe1 Kd7 21.
g4 Rh7 22. gxf5 Rah8 23. Nf3 gxf5 24. Qxf5+ Qe6 25. Qxe6+ fxe6 26. Bf6 1-0

[Event "23rd Abu Dhabi Masters"]
[Site "Abu Dhabi UAE"]
[Date "2016.08.21"]
[Round "1.36"]
[White "Hill, Alistair"]
[Black "Troff, Kayden W"]
[Result "1-0"]
[BlackTitle "GM"]
[WhiteElo "2257"]
[BlackElo "2522"]
[WhiteFideId "432407"]
[BlackFideId "2047896"]
[EventDate "2016.08.21"]

1. e4 c5 2. Nf3 d6 3. Bb5+ Nd7 4. O-O a6 5. Bxd7+ Bxd7 6. Re1 e5 7. c3 c4 8. d3
cxd3 9. c4 b5 10. cxb5 Bxb5 11. Nc3 Qb8 12. Re3 Nf6 13. Ne1 d5 14. exd5 Bc5 15.
Rf3 e4 16. Rxf6 gxf6 17. Nxe4 Be7 18. Nxd3 Rg8 19. Bf4 Qb6 20. Qf3 Rd8 21. Re1
Rg6 22. d6 Bxd3 23. Nxf6+ Rxf6 24. Rxe7+ Kf8 25. Bh6+ 1-0

[Event "23rd Abu Dhabi Masters"]
[Site "Abu Dhabi UAE"]
[Date "2016.08.21"]
[Round "1.37"]
[White "Vishnu Prasanna, V"]
[Black "Rayes, Abdul Kader"]
[Result "1-0"]
[WhiteTitle "GM"]
[WhiteElo "2512"]
[BlackElo "2254"]
[WhiteFideId "5030692"]
[BlackFideId "7600801"]
[EventDate "2016.08.21"]

1. d4 e6 2. Nf3 d5 3. Bf4 c5 4. e3 Nc6 5. c3 Bd6 6. Bg3 Nf6 7. Nbd2 O-O 8. Bb5
Ne7 9. Bd3 b6 10. e4 Bxg3 11. hxg3 dxe4 12. Nxe4 Ned5 13. c4 Nxe4 14. Bxe4 f5
15. Bb1 Nf6 16. O-O Ng4 17. dxc5 bxc5 18. Qxd8 Rxd8 19. Bc2 Rb8 20. b3 Rb6 21.
Rae1 Rbd6 22. Re2 h6 23. Rfe1 Kf8 24. Ne5 Nf6 25. f3 a5 26. Kf2 Ne8 27. g4 fxg4
28. Nxg4 Nc7 29. Ne5 Bb7 30. Ke3 Rd4 31. a3 Ke7 32. Nd3 Na6 33. Kd2 Bc8 34. Kc3
Kd6 35. Re5 Kc6 36. Rh5 Kb6 37. Ree5 Rxd3+ 38. Bxd3 Rf8 39. Rh4 Bd7 40. Bg6 Rf6
41. Rg4 Nb8 42. Be4 g5 43. b4 axb4+ 44. axb4 cxb4+ 45. Kxb4 Na6+ 46. Kc3 Nc5 47.
Bc2 Bc6 48. Re1 Kc7 49. Rd4 Nd7 50. Ra1 e5 51. Ra7+ Kc8 52. Rd1 Nc5 53. Re7 Nd7
54. Be4 Bxe4 55. Rdxd7 Bc6 56. Ra7 Kb8 57. Ra6 g4 58. Kb4 gxf3 59. gxf3 e4 60.
fxe4 Rg6 61. e5 1-0

[Event "23rd Abu Dhabi Masters"]
[Site "Abu Dhabi UAE"]
[Date "2016.08.21"]
[Round "1.38"]
[White "Kathmale, Sameer"]
[Black "Ly, Moulthun"]
[Result "0-1"]
[WhiteTitle "IM"]
[BlackTitle "IM"]
[WhiteElo "2248"]
[BlackElo "2501"]
[WhiteFideId "5024498"]
[BlackFideId "3204405"]
[EventDate "2016.08.21"]

1. e4 e5 2. Nf3 Nc6 3. Bb5 a6 4. Ba4 Nf6 5. O-O Be7 6. Re1 b5 7. Bb3 O-O 8. d3
d6 9. a4 b4 10. a5 Be6 11. Nbd2 Rb8 12. Bc4 Qc8 13. b3 Nd7 14. Bb2 Bf6 15. Nf1
Bxc4 16. dxc4 Nc5 17. Ne3 g6 18. Nd5 Bg7 19. Qd2 h6 20. Nh4 Qd8 21. g3 Ne6 22.
Kg2 Kh7 23. Ra4 Nc5 24. Nxb4 Nxb4 25. Rxb4 Rxb4 26. Qxb4 Qa8 27. Qd2 Nxe4 28.
Qd5 Qxd5 29. cxd5 Nf6 30. f4 exf4 31. c4 fxg3 32. hxg3 Ng4 33. Bxg7 Kxg7 34. Nf3
Rb8 35. Nd4 Ne5 36. Re3 h5 37. Nc6 Nxc6 38. dxc6 Kf8 39. Kf3 f6 40. Ke4 Kf7 41.
Kd4 g5 42. Kc3 f5 43. b4 g4 44. Re1 f4 45. Rb1 fxg3 46. b5 h4 47. b6 g2 48. Kd4
h3 49. Kd5 h2 50. bxc7 Rc8 0-1

[Event "23rd Abu Dhabi Masters"]
[Site "Abu Dhabi UAE"]
[Date "2016.08.21"]
[Round "1.39"]
[White "Swapnil, S. Dhopade"]
[Black "Ashwath, R."]
[Result "1-0"]
[WhiteTitle "GM"]
[WhiteElo "2500"]
[BlackElo "2227"]
[WhiteFideId "5019184"]
[BlackFideId "5021049"]
[EventDate "2016.08.21"]

1. Nf3 d5 2. g3 Nf6 3. Bg2 c6 4. c4 dxc4 5. O-O b5 6. a4 Bb7 7. d3 cxd3 8. Ne5
Qc7 9. Nxd3 Nbd7 10. Nc3 e5 11. axb5 cxb5 12. Nxb5 Qb6 13. Bxb7 Qxb7 14. Qa4 e4
15. Ne5 Be7 16. Nxd7 Nxd7 17. Bg5 f6 18. Rfc1 O-O 19. Rc7 Qb6 20. Qc4+ Kh8 21.
Be3 Ne5 22. Qd5 Rad8 23. Qxe5 1-0

[Event "23rd Abu Dhabi Masters"]
[Site "Abu Dhabi UAE"]
[Date "2016.08.21"]
[Round "1.41"]
[White "Aryan, Chopra"]
[Black "Patil, Pratik"]
[Result "1-0"]
[WhiteTitle "IM"]
[WhiteElo "2485"]
[BlackElo "2216"]
[WhiteFideId "5084423"]
[BlackFideId "5038758"]
[EventDate "2016.08.21"]

1. e4 c5 2. Nf3 e6 3. d4 cxd4 4. Nxd4 a6 5. c4 Nf6 6. Nc3 Qc7 7. a3 b6 8. Be3 d6
9. Be2 Bb7 10. f3 Nbd7 11. Rc1 Be7 12. O-O O-O 13. Qd2 Rac8 14. b4 Qb8 15. Rfd1
Rfe8 16. Nb3 Bf8 17. Bf4 Ne5 18. Bxe5 dxe5 19. Qe3 Qc7 20. Na4 Rb8 21. Qxb6
Qxb6+ 22. Nxb6 Bxe4 23. c5 Bd5 24. Na5 Be7 25. Bxa6 Bd8 26. Nxd5 exd5 27. Nc6
Ra8 28. Bb7 Rxa3 29. Nxd8 Rxd8 30. c6 1-0

[Event "23rd Abu Dhabi Masters"]
[Site "Abu Dhabi UAE"]
[Date "2016.08.21"]
[Round "1.42"]
[White "Senthil, Maran K"]
[Black "Golubov, Saveliy"]
[Result "1/2-1/2"]
[BlackTitle "IM"]
[WhiteElo "2208"]
[BlackElo "2481"]
[WhiteFideId "25035681"]
[BlackFideId "24176729"]
[EventDate "2016.08.21"]

1. d4 Nf6 2. c4 e6 3. g3 c5 4. Nf3 b6 5. Bg2 Bb7 6. O-O cxd4 7. Qxd4 Be7 8. Nc3
O-O 9. Bf4 d6 10. Qd2 a6 11. Rfd1 Ne8 12. e4 Qc8 13. Rac1 Nd7 14. b4 Qc7 15. Nd4
Ne5 16. Na4 Nf6 17. Qe2 Rac8 18. Nb3 Bc6 19. b5 Be8 20. Be3 Nfd7 21. bxa6 Qa7
22. f4 Nc6 23. Nc3 Qxa6 24. Nb5 Na5 25. Nxd6 Bxd6 26. Rxd6 Nxc4 27. Bf1 Qa3 28.
Rxd7 Bxd7 29. Rxc4 Bb5 30. Rxc8 Bxe2 31. Rxf8+ Kxf8 32. Bxe2 Qxa2 33. Nd2 Qb2
34. Kf2 b5 35. e5 b4 36. Bc4 h5 37. h4 Kg8 38. Ke2 Qc1 39. Bb3 Qh1 40. Bc4 Qc1 1/2-1/2

[Event "23rd Abu Dhabi Masters"]
[Site "Abu Dhabi UAE"]
[Date "2016.08.21"]
[Round "1.43"]
[White "Lei, Tingjie"]
[Black "Al Ghamdi, Ahmed M"]
[Result "1-0"]
[WhiteTitle "WGM"]
[WhiteElo "2480"]
[BlackElo "2192"]
[WhiteFideId "8605114"]
[BlackFideId "21500150"]
[EventDate "2016.08.21"]

1. d4 d5 2. c4 c6 3. Nf3 Nf6 4. Nc3 e6 5. e3 Nbd7 6. Qc2 Bd6 7. Be2 dxc4 8. a4
O-O 9. Bxc4 e5 10. O-O Qe7 11. Re1 e4 12. Nd2 Nb6 13. Bb3 Re8 14. f3 Qc7 15. f4
Qe7 16. Ba2 Nbd5 17. Nc4 Nb4 18. Qd2 Nxa2 19. Nxa2 Bc7 20. b3 Be6 21. Ba3 Qd8
22. Nc3 a6 23. Ne5 Bd6 24. Bxd6 Qxd6 25. Qc2 Bd5 26. g4 Qe6 27. Qg2 Nd7 28. Rab1
f6 29. f5 Qe7 30. Nxd7 Qxd7 31. Rf1 Qe7 32. h4 Bf7 33. Rf4 Bd5 34. b4 Kh8 35.
Qc2 a5 36. Qb2 Qd8 37. Kf2 h6 38. Ke1 Bc4 39. bxa5 Bd3 40. Rc1 Qxa5 41. Rf2 Ra6
42. Qxb7 Rb6 43. Qf7 Reb8 44. Qc7 Qxc3+ 45. Kd1 Qb3+ 46. Ke1 Qb4+ 47. Rd2 Qxa4
48. g5 Qa3 49. Rxc6 Qa1+ 50. Rc1 Rb1 51. Qxb8+ Rxb8 52. Rxa1 fxg5 53. hxg5 hxg5
54. Rg2 1-0

[Event "23rd Abu Dhabi Masters"]
[Site "Abu Dhabi UAE"]
[Date "2016.08.21"]
[Round "1.44"]
[White "Mona, Khaled"]
[Black "Narayanan, Srinath"]
[Result "0-1"]
[WhiteTitle "WGM"]
[BlackTitle "IM"]
[WhiteElo "2175"]
[BlackElo "2477"]
[WhiteFideId "10605908"]
[BlackFideId "5018420"]
[EventDate "2016.08.21"]

1. d4 Nf6 2. c4 c5 3. d5 g6 4. Nc3 Bg7 5. e4 O-O 6. Nf3 e6 7. Be2 exd5 8. cxd5
Re8 9. Qc2 d6 10. O-O Na6 11. a3 Nc7 12. Re1 Rb8 13. Bf4 b5 14. b4 c4 15. Rad1
Ng4 16. Bg5 Bf6 17. Bxf6 Qxf6 18. h3 Ne5 19. Nxe5 Rxe5 20. Qd2 g5 21. Bf1 h5 22.
Re3 Bd7 23. Ne2 Rbe8 24. Qd4 a6 25. f3 Qe7 26. g3 Nxd5 27. Bg2 Nxe3 28. Qxe3 Re6
29. f4 Bc6 30. Nd4 Bxe4 31. Nxe6 Qxe6 32. Bxe4 Qxe4 33. Qxe4 Rxe4 34. Rxd6 c3
35. Rd1 c2 36. Rc1 Re2 37. Kf1 Rh2 38. Ke1 gxf4 39. gxf4 f5 0-1

[Event "23rd Abu Dhabi Masters"]
[Site "Abu Dhabi UAE"]
[Date "2016.08.21"]
[Round "1.45"]
[White "Puranik, Abhimanyu"]
[Black "Dimarucut, Francis Erwin"]
[Result "0-1"]
[WhiteTitle "IM"]
[WhiteElo "2469"]
[BlackElo "2172"]
[WhiteFideId "5061245"]
[BlackFideId "5209277"]
[EventDate "2016.08.21"]

1. e4 d6 2. d4 Nf6 3. Nc3 e5 4. Nf3 Nbd7 5. Bc4 Be7 6. O-O c6 7. a4 O-O 8. h3 h6
9. Re1 exd4 10. Nxd4 Ne5 11. Ba2 Qa5 12. Be3 Ng6 13. Qd2 Qh5 14. Qe2 Bd8 15.
Qxh5 Nxh5 16. Rad1 Bc7 17. Nf5 Bxf5 18. exf5 Nh4 19. Bc1 d5 20. Re7 Rac8 21. g4
Nf6 22. Be3 Rfe8 23. Rxe8+ Rxe8 24. Kf1 Nf3 25. Ne2 Bb6 26. Bxb6 axb6 27. Ng3
Ne4 28. Kg2 Ned2 29. c3 Re1 30. Rxe1 Nxe1+ 31. Kg1 Nd3 32. Nf1 Nxf1 33. Kxf1
Nxb2 34. Bb3 Nd3 35. f3 Kf8 36. h4 f6 37. Bc2 Ne5 38. Ke2 Ke7 39. f4 Nc4 40. Bb3
Kd6 41. Kd3 Kc5 42. h5 Nd6 43. Bd1 b5 44. axb5 Nxb5 45. Ba4 Nd6 0-1

[Event "23rd Abu Dhabi Masters"]
[Site "Abu Dhabi UAE"]
[Date "2016.08.21"]
[Round "1.47"]
[White "Igonin, Temur"]
[Black "Dargan, Paul A G"]
[Result "1-0"]
[WhiteTitle "IM"]
[BlackTitle "CM"]
[WhiteElo "2466"]
[BlackElo "2159"]
[WhiteFideId "14203049"]
[BlackFideId "416762"]
[EventDate "2016.08.21"]

1. e4 c5 2. Nf3 Nc6 3. d4 cxd4 4. Nxd4 Nf6 5. Nc3 e5 6. Ndb5 d6 7. Bg5 a6 8. Na3
b5 9. Nd5 Be7 10. Bxf6 Bxf6 11. c4 Nd4 12. cxb5 Be6 13. Bd3 Qa5+ 14. Nc3 Rb8 15.
Qd2 axb5 16. Ncxb5 Qxd2+ 17. Kxd2 Bg5+ 18. Kd1 Nxb5 19. Nxb5 O-O 20. a4 d5 21.
exd5 Bxd5 22. f3 f5 23. Kc2 e4 24. Be2 Rfc8+ 25. Kb1 Bd2 26. a5 Rc5 27. a6 exf3
28. gxf3 Rbc8 29. b4 Bxb4 30. a7 Rxb5 31. Bxb5 Bxf3 32. Rc1 Be4+ 33. Kb2 Bc5 34.
Ra4 1-0

[Event "23rd Abu Dhabi Masters"]
[Site "Abu Dhabi UAE"]
[Date "2016.08.21"]
[Round "1.48"]
[White "Lakshmi, Narayanan M V"]
[Black "Georgescu, Tiberiu-Marian"]
[Result "0-1"]
[BlackTitle "GM"]
[WhiteElo "2155"]
[BlackElo "2463"]
[WhiteFideId "5040647"]
[BlackFideId "1213300"]
[EventDate "2016.08.21"]

1. d4 Nf6 2. c4 e6 3. Nc3 d5 4. cxd5 exd5 5. Bg5 c6 6. e3 Be7 7. Bd3 Nbd7 8.
Nge2 Nh5 9. Bxe7 Qxe7 10. Qc2 Nb6 11. O-O-O g6 12. h3 Ng7 13. g4 Bd7 14. Nf4 Ne6
15. Rde1 Qd6 16. Nfe2 O-O-O 17. Kb1 Kb8 18. f4 c5 19. dxc5 Nxc5 20. Nd4 Rc8 21.
Qd2 Nc4 22. Qe2 Rhe8 23. Bxc4 dxc4 24. Qxc4 Na4 25. Ncb5 Qa6 26. Qd5 Bc6 27.
Qd6+ Ka8 28. Nc7+ Rxc7 29. Qxc7 Qd3+ 30. Nc2 Bxh1 31. Rxh1 a6 32. Ka1 Qb5 33.
Rb1 Qd5 34. Nb4 Qe6 35. Qa5 Nb6 36. Re1 Rc8 37. a3 Qd6 38. Na2 Rc2 39. Rc1 Nc4
40. Qe1 Rxb2 41. Qc3 b5 42. Qh8+ Ka7 43. Nb4 Rb3 44. Qe8 Rxa3+ 45. Na2 Rxa2+ 0-1

[Event "23rd Abu Dhabi Masters"]
[Site "Abu Dhabi UAE"]
[Date "2016.08.21"]
[Round "1.50"]
[White "Marcos, Marvin"]
[Black "Illingworth, Max"]
[Result "0-1"]
[BlackTitle "GM"]
[WhiteElo "2147"]
[BlackElo "2458"]
[WhiteFideId "5208840"]
[BlackFideId "3205207"]
[EventDate "2016.08.21"]

1. d4 Nf6 2. Nf3 d5 3. Bf4 c5 4. e3 Nc6 5. c3 Qb6 6. Qb3 c4 7. Qc2 Bf5 8. Qc1 e6
9. Nbd2 h6 10. Be2 Be7 11. O-O O-O 12. b3 cxb3 13. axb3 Nh5 14. Bg3 Nxg3 15.
hxg3 Rfc8 16. Qb2 Bf6 17. b4 Bh7 18. Ra3 Rc7 19. Rfa1 Rac8 20. Bf1 Be7 21. Nb3
a5 22. Nxa5 Nxa5 23. Rxa5 Rxc3 24. Rb5 Qc7 25. Rc5 Bxc5 26. Qxc3 Bf8 27. Qxc7
Rxc7 28. b5 f6 29. Ra7 Bb4 30. b6 Re7 31. Bb5 Kf7 32. Ra4 Bd6 33. Ne1 e5 34. Nd3
h5 35. Kf1 exd4 36. exd4 Bxd3+ 37. Bxd3 g6 38. Bb5 f5 39. Ra7 Kf6 40. Be2 Bb4
41. f4 Ke6 42. Ra8 Kd6 43. Rg8 Re6 44. Bb5 Bc3 45. Rd8+ Ke7 46. Rd7+ Kf6 47.
Rxb7 Re1+ 48. Kf2 Rb1 49. Bc6 Bxd4+ 50. Ke2 Ke6 51. Be8 Rb2+ 52. Kd3 Bf2 53.
Bxg6 Bxg3 54. Bxh5 Bxf4 55. Bf3 Be5 56. Rh7 Rxb6 57. Rh6+ Bf6 58. g4 fxg4 59.
Bxg4+ Ke5 60. Bf3 Rb3+ 61. Ke2 d4 62. Rh7 d3+ 63. Kf2 Kf4 64. Rb7 Bd4+ 65. Kg2
Rc3 66. Rf7+ Ke3 67. Re7+ Kd2 68. Rd7 Rc2 69. Kg3 Be5+ 70. Kg4 Rc4+ 71. Kg5 Ke3
72. Bh5 Bf4+ 73. Kf5 Rc5+ 74. Kg4 Rg5+ 75. Kh4 d2 76. Bg4 Rg8 77. Rd5 Ke4 78.
Rd7 Rh8+ 79. Bh5 Be3 80. Kg4 Rxh5 81. Kxh5 Bd4 0-1

[Event "23rd Abu Dhabi Masters"]
[Site "Abu Dhabi UAE"]
[Date "2016.08.21"]
[Round "1.51"]
[White "Das, Arghyadip"]
[Black "Mohamed, Anwar"]
[Result "1-0"]
[WhiteTitle "IM"]
[WhiteElo "2457"]
[BlackElo "2146"]
[WhiteFideId "5003610"]
[BlackFideId "12200182"]
[EventDate "2016.08.21"]

1. e4 e6 2. d4 d5 3. Nd2 Nc6 4. Ngf3 Nf6 5. e5 Nd7 6. Bd3 Nb4 7. Be2 c5 8. c3
Nc6 9. O-O Be7 10. Re1 O-O 11. Nf1 c4 12. Bf4 b5 13. Qd2 b4 14. Ng3 Re8 15. Nh5
Nf8 16. Bh6 g6 17. Ng7 1-0

[Event "23rd Abu Dhabi Masters"]
[Site "Abu Dhabi UAE"]
[Date "2016.08.21"]
[Round "1.52"]
[White "Tarini, Goyal"]
[Black "Gusain, Himal"]
[Result "0-1"]
[WhiteTitle "WFM"]
[WhiteElo "2142"]
[BlackElo "2453"]
[WhiteFideId "5082749"]
[BlackFideId "5033861"]
[EventDate "2016.08.21"]

1. d4 d5 2. c4 e6 3. Nc3 c6 4. e3 Nf6 5. Bd3 Bd6 6. Nge2 dxc4 7. Bxc4 Nbd7 8.
Ng3 b5 9. Be2 Bb7 10. Bf3 Qb6 11. a4 a6 12. O-O O-O 13. Qe2 Rfe8 14. Rd1 e5 15.
Qf1 exd4 16. exd4 Qc7 17. Be3 b4 18. Nce2 Nb6 19. Bg5 Nbd5 20. Rac1 Qd7 21. Bxf6
Nxf6 22. Rc2 a5 23. Nc1 h5 24. Qc4 h4 25. Nf1 Rec8 26. Nd3 h3 27. Nc5 Bxc5 28.
dxc5 Qf5 29. Ne3 Qg5 30. g3 Re8 31. Qf4 Qxf4 32. gxf4 Rad8 33. Rcd2 Rxd2 34.
Rxd2 Nd5 35. Rd1 Nxf4 36. Nc4 Ba6 37. Bxc6 Re6 38. Bb5 Bb7 39. c6 Bxc6 40. Bxc6
Rxc6 41. Nxa5 Ra6 42. Nc4 Rxa4 43. f3 b3 44. Ne3 Ra2 45. Nc4 Ra6 46. Kf2 Rc6 47.
Ne3 Rc2+ 48. Kg3 Ne2+ 49. Kxh3 Rxb2 50. Rd8+ Kh7 51. Rb8 Nd4 52. Rb4 Nxf3 53.
Nc4 Rxh2+ 54. Kg3 Rh4 55. Kxf3 b2 56. Rxb2 Rxc4 0-1

[Event "23rd Abu Dhabi Masters"]
[Site "Abu Dhabi UAE"]
[Date "2016.08.21"]
[Round "1.53"]
[White "Thejkumar, M. S."]
[Black "Aditya, Mittal"]
[Result "1-0"]
[WhiteTitle "IM"]
[BlackTitle "CM"]
[WhiteElo "2445"]
[BlackElo "2140"]
[WhiteFideId "5009154"]
[BlackFideId "35042025"]
[EventDate "2016.08.21"]

1. d4 d5 2. c4 c6 3. Nc3 Nf6 4. e3 e6 5. Nf3 Nbd7 6. Qc2 Bd6 7. Bd3 O-O 8. O-O
dxc4 9. Bxc4 b5 10. Be2 Bb7 11. e4 e5 12. dxe5 Nxe5 13. Nd4 Neg4 14. g3 Bc5 15.
Nf5 Qb6 16. Bxg4 Nxg4 17. b4 Bxf2+ 18. Rxf2 Rfd8 19. Bf4 Qxf2+ 20. Qxf2 Nxf2 21.
Kxf2 g6 22. Nd6 Bc8 23. e5 Be6 24. Nce4 Kg7 25. Nc5 h6 26. Nxe6+ fxe6 27. Bd2
Rd7 28. Rc1 Rc7 29. Ke3 a6 30. Kd4 Rf8 31. Kc5 Re7 32. Be3 Ra8 33. Kb6 a5 34.
bxa5 Rea7 35. Nb7 Ra6+ 36. Kc7 c5 37. Bxc5 Rh8 38. Rd1 g5 39. Rd6 Raa8 40. Rxe6 1-0